000 00373nam a22001697a 4500
005 20160623155919.0
008 160623b xxu||||| |||| 00| 0 eng d
020 _a978-81-203-362-5
041 _aeng
082 _b9399
100 _aPaul, Justin
_9371
245 _aInternational Business
260 _bPHI
300 _a562
650 _aManagement
_9241
942 _cBK
999 _c3710
_d3709